000
00202nam a22001097a 4500
999
_c
65140
_d
65137
082
_a
297.3SAY
100
_a
Sayeed
245
_a
Islamic Modernism
260
_a
karachi
300
_a
134p
942
_c
BK